|
|
|
|
| LEADER |
00802cam a2200205 i 4500 |
| 001 |
10001500 |
| 003 |
GR-PaULI |
| 005 |
20240413063306.0 |
| 008 |
210806s1986 gr g 1 gre d |
| 952 |
|
|
|0 0
|1 0
|2 ddc
|4 0
|6 410_000000000000000_ΚΑΛ
|7 0
|9 327548
|a THST
|b THST
|d 2021-08-06
|i 001886
|l 0
|o 410 ΚΑΛ
|p 025000013322
|r 2021-08-06 00:00:00
|t 1
|w 2021-08-06
|y BK15
|
| 999 |
|
|
|c 183675
|d 183675
|
| 040 |
|
|
|a GR-PaULI
|b gre
|c GR-PaULI
|e AACR2
|
| 082 |
0 |
4 |
|a 410
|2 23
|
| 100 |
1 |
|
|a Καλιόρης, Γιάννης Μ.
|e συγγραφέας
|9 187023
|
| 245 |
1 |
0 |
|a Παρεμβάσεις.
|n ΙΙ,
|p Γλωσσικά /
|c Γιάννη Μ. Καλιόρη.
|
| 260 |
|
|
|a Αθήνα :
|b Εξάντας,
|c 1986.
|
| 300 |
|
|
|a 392 σ. ;
|c 21 εκ.
|
| 650 |
|
0 |
|a Γλωσσολογία
|9 517
|
| 942 |
|
|
|2 ddc
|c BK15
|
| 998 |
|
|
|c ΜΑΝΙΑ
|d 2021-08
|